| 000 | 00411nam a2200133Ia 4500 | ||
|---|---|---|---|
| 008 | 220217s9999||||xx |||||||||||||| ||und|| | ||
| 082 | _a620.011 CHA | ||
| 100 | _aChandrupatla, Tirupathi R and Belegundu, Ashok D | ||
| 245 | 0 | _aIntroduction to finite elements in engineering | |
| 250 | _a3rd | ||
| 260 |
_aPrenice hall of India _bBew Delhi _c2002 |
||
| 300 |
_aXVIII, 453p. _b250 |
||
| 650 | _aMECHANICHAL | ||
| 999 |
_c179510 _d179510 |
||